Faber book of modern verse (Record no. 33226)

MARC details
000 -LEADER
fixed length control field 00297nam a2200121Ia 4500
082 ## - DEWEY DECIMAL CLASSIFICATION NUMBER
Classification number 82-12
Item number ROB
245 #0 - TITLE STATEMENT
Title Faber book of modern verse
250 ## - EDITION STATEMENT
Edition statement Ed.3
260 ## - PUBLICATION, DISTRIBUTION, ETC. (IMPRINT)
Place of publication London
Name of publisher Faber and Faber
Year of publication 1936
700 ## - ADDED ENTRY--PERSONAL NAME
Personal name Roberts, Michael
942 ## - ADDED ENTRY ELEMENTS (KOHA)
Koha item type Books
Holdings
Withdrawn status Lost status Damaged status Not for loan Home library Current library Date acquired Cost, normal purchase price Full call number Accession Number Koha item type
        RRII Library RRII Library 16/12/2021 1.50 82-12 ROB 13727 Books